[Event "21. SCHACHFESTIVAL BASEL 2019 -- MASTER "]
[Site "?"]
[Date "2019.01.05"]
[Round "5.7"]
[White "Heinemann, Josefine"]
[Black "Monteverde, Jonathan"]
[Result "1-0"]
[WhiteElo "2304"]
[BlackElo "2120"]
[PlyCount "149"]
[EventDate "2019.01.02"]

1. e4 e6 2. d4 d5 3. Nd2 Nf6 4. e5 Nfd7 5. Bd3 c5 6. c3 Nc6 7. Ne2 cxd4 8. cxd4
f6 9. exf6 Nxf6 10. Nf3 Bd6 11. O-O Qc7 12. h3 O-O 13. Be3 Bd7 14. Re1 Be8 15.
Ng5 Bf7 16. Rc1 h6 17. Nxf7 Qxf7 18. a3 Nh5 19. Bb1 Nf6 20. Nc3 Rac8 21. b4 a5
22. Nb5 Bb8 23. Qb3 Qd7 24. Bd3 Kh8 25. Bf1 axb4 26. axb4 Qe7 27. Rb1 Ne4 28.
g3 Qf6 29. Rb2 Qg6 30. Bg2 Nd6 31. Nxd6 Bxd6 32. b5 Na5 33. Qd1 Nc4 34. Rbe2
Rf6 35. Bc1 Bb4 36. Rf1 Bd6 37. h4 Qb1 38. Qe1 Qxb5 39. Rxe6 Rcf8 40. Qe2 Bb4
41. Bf4 Qd7 42. Rxf6 Rxf6 43. Qh5 Nd2 44. Ra1 Ne4 45. Be5 Rc6 46. Bxe4 dxe4 47.
d5 Rc8 48. Qxh6+ Kg8 49. Qg6 e3 50. fxe3 Bf8 51. Qe6+ Qxe6 52. dxe6 Re8 53. Bd4
Rxe6 54. Rb1 Re7 55. Kg2 Rc7 56. Kf3 Kf7 57. Ke4 Rd7 58. g4 Be7 59. h5 Bf6 60.
Rf1 Ke6 61. Bxf6 gxf6 62. Rb1 Kf7 63. Rb5 Ke6 64. Kf4 Rc7 65. e4 Re7 66. e5 Kf7
67. exf6 Kxf6 68. g5+ Kg7 69. Kf5 Rc7 70. Rd5 Re7 71. h6+ Kg8 72. g6 Re8 73.
Kg5 Rf8 74. h7+ Kh8 75. Kh6 1-0

[Event "21. SCHACHFESTIVAL BASEL 2019 -- MASTER "]
[Site "?"]
[Date "2019.01.05"]
[Round "5.8"]
[White "Beukema, Jasper"]
[Black "Shah, Rishab"]
[Result "0-1"]
[WhiteElo "2290"]
[BlackElo "2086"]
[PlyCount "78"]
[EventDate "2019.01.02"]

1. d4 Nf6 2. c4 g6 3. Nc3 Bg7 4. e4 d6 5. g3 O-O 6. Bg2 Nc6 7. Nge2 e5 8. d5
Ne7 9. O-O Nd7 10. Be3 f5 11. f3 h6 12. Qd2 Kh7 13. b4 a5 14. a3 b6 15. Na4 Ba6
16. Rfc1 g5 17. bxa5 bxa5 18. g4 fxg4 19. fxg4 Ng6 20. Ng3 Nf6 21. h3 Qd7 22.
Nb2 Nf4 23. Nf5 h5 24. gxh5 N6xh5 25. Kh2 Qf7 26. Bf3 Bc8 27. Qc2 Bxf5 28. exf5
e4 29. Bg4 Be5 30. Kg1 Nf6 31. Ra2 Qg7 32. Nd1 Qh6 33. Nf2 Qh4 34. Kf1 Qg3 35.
Bxf4 Qxf4 36. Ke2 e3 37. Nd3 Qh2+ 38. Kd1 Qh1+ 39. Ne1 Bg3 0-1

[Event "21. SCHACHFESTIVAL BASEL 2019 -- MASTER "]
[Site "?"]
[Date "2019.01.05"]
[Round "5.9"]
[White "Staub, Gerhard"]
[Black "Bartakke, Amardeep S"]
[Result "0-1"]
[WhiteElo "2010"]
[BlackElo "2249"]
[PlyCount "120"]
[EventDate "2019.01.02"]

1. e4 c5 2. Nc3 a6 3. a4 Nc6 4. f4 g6 5. Nf3 Bg7 6. Bc4 e6 7. O-O Nge7 8. d3
O-O 9. Qe1 d5 10. Bb3 Nd4 11. Nxd4 cxd4 12. Nb1 dxe4 13. dxe4 d3 14. Nd2 dxc2
15. Bxc2 Bxb2 16. Bxb2 Qb6+ 17. Qf2 Qxb2 18. Nc4 Qc3 19. Nb6 Rb8 20. Rad1 Qc7
21. e5 Rd8 22. Rxd8+ Qxd8 23. Be4 Nd5 24. Bxd5 exd5 25. Rd1 Be6 26. Qc5 Qf8 27.
Qa5 Qa3 28. Qd2 Rd8 29. Qd4 Kh8 30. Ra1 Qe7 31. Rc1 g5 32. fxg5 Qxg5 33. Rc7
Kg7 34. Rxb7 Qc1+ 35. Kf2 Kh8 36. Qh4 Qc2+ 37. Kf1 Qd3+ 38. Ke1 Qe3+ 39. Kf1
Qd3+ 40. Ke1 Qe4+ 41. Qxe4 dxe4 42. Ra7 Rd3 43. h3 Rb3 44. Rxa6 Rb2 45. Ra8+
Kg7 46. a5 Rxg2 47. a6 Ra2 48. a7 h5 49. Nc8 Bxc8 50. Rxc8 Rxa7 51. Rc4 Re7 52.
Rxe4 Kg6 53. Kf2 Kf5 54. Rh4 Kg5 55. Re4 f6 56. h4+ Kf5 57. Kf3 fxe5 58. Re1
Rg7 59. Rf1 Rg4 60. Rh1 e4+ 0-1

[Event "21. SCHACHFESTIVAL BASEL 2019 -- MASTER "]
[Site "?"]
[Date "2019.01.05"]
[Round "5.10"]
[White "Boricha, Ketan"]
[Black "Bounlom, Jannik"]
[Result "1-0"]
[WhiteElo "2095"]
[BlackElo "1892"]
[PlyCount "43"]
[EventDate "2019.01.02"]

1. e4 c5 2. c3 d5 3. exd5 Qxd5 4. Nf3 Nc6 5. d4 Bf5 6. Nbd2 Qe6+ 7. Be2 cxd4 8.
Nxd4 Nxd4 9. cxd4 O-O-O 10. Nb3 Qg6 11. Bf4 e5 12. Rc1+ Kb8 13. Bxe5+ Bd6 14.
Bxd6+ Rxd6 15. O-O Ne7 16. Bf3 Nd5 17. Qd2 Rhd8 18. Rfe1 Nc7 19. Re7 Bd7 20.
Qa5 Rc8 21. Qe5 Re8 22. Nc5 1-0

[Event "21. SCHACHFESTIVAL BASEL 2019 -- MASTER "]
[Site "?"]
[Date "2019.01.05"]
[Round "5.11"]
[White "Oparaugo, Thomas"]
[Black "Simon, Ralf-Axel"]
[Result "1-0"]
[WhiteElo "2045"]
[BlackElo "2075"]
[PlyCount "87"]
[EventDate "2019.01.02"]

1. e4 c5 2. Nf3 d6 3. d4 cxd4 4. Qxd4 Nc6 5. Bb5 Bd7 6. Bxc6 Bxc6 7. Nc3 e6 8.
Bg5 Nf6 9. O-O-O Be7 10. Rhe1 O-O 11. e5 dxe5 12. Qh4 Qa5 13. Nxe5 Rfc8 14. Ng4
Qf5 15. Bxf6 Bxf6 16. Nxf6+ Qxf6 17. Qxf6 gxf6 18. Ne4 f5 19. Nf6+ Kg7 20. Nh5+
Kh6 21. Nf4 Be4 22. Rd2 Rc4 23. b3 Rc7 24. f3 Bc6 25. Kb2 Kg5 26. Rd4 Rac8 27.
c4 Be8 28. h4+ Kf6 29. Nh5+ Kg6 30. g4 fxg4 31. fxg4 h6 32. Re5 Rd7 33. Rf4
Rd2+ 34. Ka3 Rc6 35. Rf6+ Kh7 36. g5 hxg5 37. Rxg5 e5 38. Rxe5 Re6 39. Rfxe6
fxe6 40. Nf6+ Kg7 41. Nxe8+ Kf7 42. Nc7 Rd7 43. Nxe6 Kf6 44. Re2 1-0

[Event "21. SCHACHFESTIVAL BASEL 2019 -- MASTER "]
[Site "?"]
[Date "2019.01.05"]
[Round "5.12"]
[White "Bub, Volker"]
[Black "Curien, Nicolas"]
[Result "0-1"]
[WhiteElo "2108"]
[BlackElo "2214"]
[PlyCount "62"]
[EventDate "2019.01.02"]

1. e4 e6 2. d3 d5 3. Nd2 Nf6 4. Ngf3 b6 5. c3 c5 6. Qa4+ Bd7 7. Qc2 Nc6 8. Be2
Rc8 9. O-O d4 10. Nc4 Qc7 11. a4 e5 12. Nh4 Be6 13. f4 Bxc4 14. dxc4 Rd8 15.
fxe5 Nxe5 16. Bf4 Bd6 17. cxd4 cxd4 18. Bxe5 Bxe5 19. g3 Bxg3 20. hxg3 Qxg3+
21. Ng2 d3 22. Qb3 O-O 23. Bf3 Rfe8 24. Rae1 d2 25. Re3 Ng4 26. Bxg4 Qxg4 27.
Rd1 Rxe4 28. Rxe4 Qxe4 29. Qc3 Qe2 30. Qc2 Rd6 31. Nf4 Qe3+ 0-1

[Event "21. SCHACHFESTIVAL BASEL 2019 -- MASTER "]
[Site "?"]
[Date "2019.01.05"]
[Round "5.13"]
[White "Hoffmann, Achim Gunter"]
[Black "Haenggi, Markus"]
[Result "1-0"]
[WhiteElo "2135"]
[BlackElo "2064"]
[PlyCount "81"]
[EventDate "2019.01.02"]

1. e4 c5 2. Nf3 a6 3. d4 cxd4 4. Nxd4 Nf6 5. Nc3 e5 6. Nde2 Bb4 7. a3 Ba5 8.
Bg5 h6 9. Bh4 g5 10. Bg3 Nc6 11. Qd3 d5 12. b4 dxe4 13. Nxe4 Nxe4 14. Qxe4 f5
15. Qf3 Bb6 16. Rd1 Qf6 17. h4 g4 18. Qe3 O-O 19. f4 gxf3 20. Qxf3 Be6 21. Bf2
Bxf2+ 22. Qxf2 f4 23. Nc3 Bf5 24. Bc4+ Kh8 25. Nd5 Qg7 26. O-O Be4 27. Rfe1
Bxd5 28. Bxd5 Nd4 29. c3 Nf5 30. Be4 Ne3 31. Rd6 Rf6 32. Rxf6 Ng4 33. Rg6 Nxf2
34. Rxg7 Nxe4 35. Rxb7 Nxc3 36. Rxe5 Rd8 37. Re6 Kg8 38. Rg6+ Kf8 39. Rxh6 Rd1+
40. Kh2 Kg8 41. Rc6 1-0

[Event "21. SCHACHFESTIVAL BASEL 2019 -- MASTER "]
[Site "?"]
[Date "2019.01.05"]
[Round "5.14"]
[White "Wenner, Tobias"]
[Black "Pernutz, Hans-Gerhard"]
[Result "0-1"]
[WhiteElo "2125"]
[BlackElo "2053"]
[PlyCount "82"]
[EventDate "2019.01.02"]

1. Nf3 c5 2. c4 e6 3. g3 b6 4. Bg2 Bb7 5. O-O Nf6 6. Nc3 Be7 7. b3 O-O 8. Bb2
d6 9. d4 cxd4 10. Nxd4 Bxg2 11. Kxg2 a6 12. e3 Qc7 13. Rc1 Nbd7 14. f4 Qb7+ 15.
Qf3 Qxf3+ 16. Kxf3 Rfe8 17. e4 Bf8 18. Rcd1 g6 19. Rfe1 e5 20. Nc2 b5 21. Ne3
Rec8 22. a3 Rab8 23. cxb5 axb5 24. Ncd5 Nxd5 25. Rxd5 f6 26. Rc1 Rxc1 27. Bxc1
b4 28. a4 Nc5 29. Bb2 Nxb3 30. Rb5 Rxb5 31. axb5 Nd2+ 32. Ke2 Nxe4 33. Kd3 Nc5+
34. Kc4 Kf7 35. Nd5 Ke6 36. Nxb4 Na4 37. Bc1 Nb6+ 38. Kd3 d5 39. Nc6 Bc5 40. g4
e4+ 41. Ke2 d4 0-1

[Event "21. SCHACHFESTIVAL BASEL 2019 -- MASTER "]
[Site "?"]
[Date "2019.01.05"]
[Round "5.15"]
[White "Dekan, Hans"]
[Black "Ananya, Rishi Gupta"]
[Result "1-0"]
[WhiteElo "2123"]
[BlackElo "1976"]
[PlyCount "63"]
[EventDate "2019.01.02"]

1. e4 e5 2. Nf3 Nc6 3. Bb5 a6 4. Ba4 Nf6 5. d3 b5 6. Bb3 Bc5 7. O-O h6 8. Nc3
O-O 9. a4 b4 10. Ne2 a5 11. Ng3 d5 12. exd5 Nxd5 13. Nxe5 Bxf2+ 14. Rxf2 Nxe5
15. Qh5 Re8 16. h3 Nf6 17. Qd1 Be6 18. Bxe6 Rxe6 19. Bf4 Ng6 20. Qf3 Nxf4 21.
Qxf4 Qd6 22. Raf1 Qc6 23. Nf5 Nd5 24. Qf3 Qd7 25. Qg4 f6 26. Nxh6+ Kf8 27. Nf5
Rd8 28. Nxg7 Rd6 29. Nf5 Re6 30. Qh5 Qf7 31. Qh6+ Kg8 32. Rf3 1-0

[Event "21. SCHACHFESTIVAL BASEL 2019 -- MASTER "]
[Site "?"]
[Date "2019.01.05"]
[Round "5.16"]
[White "Vergara Anton, Diego"]
[Black "Schmahl, Stephan"]
[Result "1/2-1/2"]
[WhiteElo "2040"]
[BlackElo "2111"]
[PlyCount "85"]
[EventDate "2019.01.02"]

1. d4 Nf6 2. Nf3 g6 3. g3 Bg7 4. Bg2 O-O 5. O-O d6 6. c4 Nbd7 7. Nc3 e5 8. dxe5
dxe5 9. Qc2 c6 10. h3 Qe7 11. e4 Nc5 12. Be3 a5 13. Rad1 Nfd7 14. Qd2 Re8 15.
Qd6 Qxd6 16. Rxd6 Bf8 17. Rd2 f6 18. Rfd1 a4 19. Bxc5 Nxc5 20. Bf1 Be6 21. Ne1
Be7 22. f3 Kf7 23. Kf2 Bd8 24. Nd3 Bb6 25. Nxc5 Bxc5+ 26. Kg2 Ke7 27. h4 h5 28.
Kh2 a3 29. b3 Bb4 30. Rd3 Bxc3 31. Rxc3 Red8 32. Bd3 c5 33. Kg2 Rd4 34. Kf2
Rad8 35. Ke3 Kd6 36. Rb1 Kc6 37. b4 cxb4 38. Rxb4 Ra8 39. f4 Ra5 40. fxe5 fxe5
41. Rb5 Rxb5 42. cxb5+ Kb6 43. Rxa3 1/2-1/2

[Event "21. SCHACHFESTIVAL BASEL 2019 -- MASTER "]
[Site "?"]
[Date "2019.01.05"]
[Round "5.17"]
[White "Maloberti, David"]
[Black "Rahimi, Rahim"]
[Result "1-0"]
[WhiteElo "2112"]
[BlackElo "2060"]
[PlyCount "53"]
[EventDate "2019.01.02"]

1. d4 b6 2. e4 Bb7 3. Bd3 e6 4. Nf3 Nf6 5. Qe2 d6 6. O-O Be7 7. e5 Nfd7 8. Nbd2
dxe5 9. Nxe5 Nc6 10. Ndf3 Ndxe5 11. dxe5 Nd4 12. Nxd4 Qxd4 13. Bb5+ c6 14. Rd1
Qb4 15. Bd3 Rd8 16. c3 Qh4 17. g3 Qh3 18. Be4 h5 19. Be3 O-O 20. Rxd8 Rxd8 21.
Rd1 Rb8 22. Rd7 Kf8 23. Qd3 h4 24. Rxe7 Ba6 25. Qd1 Be2 26. Qxe2 Kxe7 27. g4
1-0

[Event "21. SCHACHFESTIVAL BASEL 2019 -- MASTER "]
[Site "?"]
[Date "2019.01.05"]
[Round "5.18"]
[White "Wirz, Heinz"]
[Black "Perreard, Nicolas"]
[Result "0-1"]
[WhiteElo "2099"]
[BlackElo "2032"]
[PlyCount "140"]
[EventDate "2019.01.02"]

1. d4 d5 2. Nf3 Nf6 3. c4 e6 4. Nc3 c5 5. cxd5 Nxd5 6. e4 Nxc3 7. bxc3 cxd4 8.
cxd4 Bb4+ 9. Bd2 Bxd2+ 10. Qxd2 O-O 11. Bc4 Nc6 12. O-O Na5 13. Bd3 b6 14. e5
Bb7 15. Ng5 h6 16. Nh3 Rc8 17. Rac1 Qe7 18. Bb1 Qa3 19. Nf4 Rfd8 20. Rxc8 Rxc8
21. Nh5 Ba6 22. Rd1 Qc3 23. Qxc3 Rxc3 24. Nf4 Bc4 25. f3 Kf8 26. Kf2 Bxa2 27.
Be4 Bb3 28. Rg1 Rc4 29. d5 exd5 30. Nxd5 Rc5 31. Nf4 Rxe5 32. Nd3 Re7 33. Rc1
g6 34. Rc8+ Kg7 35. Nb4 Be6 36. Ra8 Rd7 37. g4 Nc4 38. Nc6 a5 39. h4 Bd5 40.
Bxd5 Rxd5 41. f4 Rd6 42. Ne7 Rd7 43. Ng8 f6 44. g5 fxg5 45. hxg5 hxg5 46. fxg5
Rd5 47. Ne7 Rxg5 48. Ra7 Kf6 49. Rc7 Rc5 50. Ng8+ Kg5 51. Rg7 Ne5 52. Ra7 Nc6
53. Rb7 b5 54. Rc7 Rc4 55. Rb7 Nd4 56. Ne7 Kf6 57. Nd5+ Kg5 58. Ne3 Rc5 59. Re7
Kf6 60. Rd7 Nf5 61. Nd5+ Ke6 62. Nb6 Rc6 63. Rb7 a4 64. Nd7 Nd6 65. Nf8+ Kf5
66. Re7 Ra6 67. Re1 a3 68. Nd7 a2 69. Ra1 b4 70. Nc5 Ne4+ 0-1

[Event "21. SCHACHFESTIVAL BASEL 2019 -- MASTER "]
[Site "?"]
[Date "2019.01.05"]
[Round "6.1"]
[White "Perske, Thore"]
[Black "Malakhatko, Vadim"]
[Result "1/2-1/2"]
[WhiteElo "2441"]
[BlackElo "2533"]
[PlyCount "41"]
[EventDate "2019.01.02"]

1. e4 e6 2. d4 d5 3. Nd2 c5 4. Ngf3 cxd4 5. Nxd4 Nc6 6. Bb5 Bd7 7. Nxc6 bxc6 8.
Bd3 Qc7 9. Qe2 Ne7 10. O-O Ng6 11. Nf3 Bd6 12. Re1 Nf4 13. Bxf4 Bxf4 14. c4
dxc4 15. Bxc4 Rb8 16. Rab1 c5 17. b3 Bc6 18. Bd5 Bb5 19. Bc4 Bc6 20. Bd5 Bb5
21. Bc4 1/2-1/2

[Event "21. SCHACHFESTIVAL BASEL 2019 -- MASTER "]
[Site "?"]
[Date "2019.01.05"]
[Round "6.2"]
[White "Krishna, C R G."]
[Black "Beukema, Stefan"]
[Result "1-0"]
[WhiteElo "2469"]
[BlackElo "2414"]
[PlyCount "153"]
[EventDate "2019.01.02"]

1. d4 f5 2. c4 Nf6 3. Nc3 g6 4. h4 d6 5. h5 Nxh5 6. Rxh5 gxh5 7. e4 fxe4 8.
Qxh5+ Kd7 9. Nxe4 Qe8 10. Qh4 Qg6 11. Bd3 Kd8 12. Ne2 Nc6 13. Bd2 Qg4 14. Qh2
Rg8 15. O-O-O Bf5 16. f3 Qg7 17. Qh4 Bxe4 18. Qxe4 Qg6 19. Qe3 Bh6 20. f4 Qf6
21. d5 Ne5 22. fxe5 Bxe3 23. exf6 Bxd2+ 24. Kxd2 exf6 25. Rh1 Rg7 26. Nf4 Kc8
27. Ne6 Re7 28. Bxh7 a6 29. Bg6 b5 30. b3 Kb7 31. Ke3 Rg8 32. Rh6 Kb6 33. Kf4
c6 34. Kf5 bxc4 35. bxc4 cxd5 36. cxd5 Rc8 37. Kxf6 Rb7 38. Rh7 Rxh7 39. Bxh7
Rb8 40. Bc2 Rb7 41. Bb3 Rh7 42. Ba4 Rh2 43. Bb3 Rh7 44. Nf8 Rh6+ 45. Ke7 a5 46.
Ba4 Kc5 47. Bc6 a4 48. a3 Kc4 49. Nd7 Kb3 50. Nb6 Kxa3 51. Nxa4 Kb4 52. Nb6 Kc5
53. Nd7+ Kd4 54. Ba8 Ke4 55. Bb7 Kd4 56. Bc6 Ke4 57. Nf6+ Kd4 58. Kf7 Rh2 59.
Ke6 Rh6 60. Kf5 Rh4 61. Ke6 Rh6 62. Ke7 Rg6 63. Nd7 Rh6 64. Nf8 Ke5 65. Bb7 Ke4
66. Ne6 Ke5 67. Ng5 Kd4 68. Ne6+ Ke5 69. Nd8 Rh7+ 70. Nf7+ Kd4 71. Bc6 Kc5 72.
Kf6 Rh4 73. Nd8 Rh5 74. Nb7+ Kd4 75. Ke6 Rh4 76. Kd7 Kc4 77. Kxd6 1-0

[Event "21. SCHACHFESTIVAL BASEL 2019 -- MASTER "]
[Site "?"]
[Date "2019.01.05"]
[Round "6.3"]
[White "Narayanan.S.L"]
[Black "Petre, Nad-Titus"]
[Result "1-0"]
[WhiteElo "2575"]
[BlackElo "2308"]
[PlyCount "75"]
[EventDate "2019.01.02"]

1. d4 Nf6 2. Nf3 e6 3. c4 Bb4+ 4. Nbd2 d6 5. g3 c5 6. Bg2 Nc6 7. dxc5 Bxc5 8.
O-O O-O 9. Nb3 Qe7 10. Bg5 e5 11. Nfd2 Bf5 12. Ne4 Bxe4 13. Bxe4 Rac8 14. e3 h6
15. Bxf6 Qxf6 16. Qg4 Bb6 17. Rfd1 g6 18. Rd2 h5 19. Qe2 Na5 20. Nxa5 Bxa5 21.
Rd5 Bc7 22. Rad1 Kg7 23. h4 Qe7 24. c5 Rfd8 25. Qb5 b6 26. cxb6 Bxb6 27. Qd3 f5
28. Bg2 Rc5 29. b4 Rxd5 30. Bxd5 Rc8 31. a4 e4 32. Qd2 Qe5 33. a5 Bd8 34. Bb7
Rc7 35. a6 Be7 36. b5 Qc5 37. Qd4+ Qxd4 38. Rxd4 1-0

[Event "21. SCHACHFESTIVAL BASEL 2019 -- MASTER "]
[Site "?"]
[Date "2019.01.05"]
[Round "6.4"]
[White "Chatalbashev, Boris"]
[Black "Heinemann, Josefine"]
[Result "1-0"]
[WhiteElo "2531"]
[BlackElo "2304"]
[PlyCount "57"]
[EventDate "2019.01.02"]

1. d4 Nf6 2. c4 g6 3. Nc3 d5 4. cxd5 Nxd5 5. Bd2 Nb6 6. e3 Bg7 7. f4 O-O 8. Nf3
c5 9. dxc5 N6d7 10. Ne4 Bxb2 11. Rb1 Bg7 12. Bc4 Nc6 13. O-O Nf6 14. Nxf6+ Bxf6
15. e4 Nd4 16. Be3 Nxf3+ 17. Qxf3 Bg7 18. f5 Kh8 19. Kh1 Qc7 20. fxg6 hxg6 21.
Bxf7 e5 22. c6 b6 23. Bg5 Be6 24. Bxe6 Rxf3 25. Rxf3 Qd6 26. Rh3+ Bh6 27. Bd5
Kg7 28. Bxh6+ Kh8 29. Bf8# 1-0

[Event "21. SCHACHFESTIVAL BASEL 2019 -- MASTER "]
[Site "?"]
[Date "2019.01.05"]
[Round "6.5"]
[White "Shah, Rishab"]
[Black "Gomes, Mary Ann"]
[Result "1/2-1/2"]
[WhiteElo "2086"]
[BlackElo "2296"]
[PlyCount "63"]
[EventDate "2019.01.02"]

1. e4 g6 2. d4 Bg7 3. Nc3 d6 4. Be3 a6 5. Qd2 b5 6. O-O-O Bb7 7. f3 Nd7 8. Nge2
Rc8 9. g3 c5 10. dxc5 Nxc5 11. Bd4 Bh6 12. Be3 Bg7 13. Bd4 Nf6 14. Kb1 O-O 15.
Nc1 Ne6 16. Be3 Nd7 17. Nd5 Ne5 18. Be2 Nc4 19. Bxc4 Rxc4 20. Bh6 Bxd5 21. exd5
Bxh6 22. Qxh6 Ng7 23. g4 Qc7 24. Rd2 Rc8 25. c3 b4 26. Ne2 bxc3 27. Nxc3 f5 28.
h3 Qb6 29. Ka1 Qc5 30. Qh4 Qe3 31. Qf2 Qxf2 32. Rxf2 1/2-1/2

[Event "21. SCHACHFESTIVAL BASEL 2019 -- MASTER "]
[Site "?"]
[Date "2019.01.05"]
[Round "6.7"]
[White "Oparaugo, Thomas"]
[Black "Boricha, Ketan"]
[Result "0-1"]
[WhiteElo "2045"]
[BlackElo "2095"]
[PlyCount "110"]
[EventDate "2019.01.02"]

1. e4 c6 2. d4 d5 3. exd5 cxd5 4. Bd3 Nc6 5. c3 Nf6 6. Bf4 Bg4 7. Qb3 Qd7 8.
Nd2 e6 9. h3 Bh5 10. Ngf3 Bg6 11. Bxg6 hxg6 12. O-O Na5 13. Qc2 Bd6 14. Bxd6
Qxd6 15. Ne5 O-O 16. f4 b5 17. Rae1 Nc4 18. Ndf3 Rac8 19. Qf2 Ne4 20. Rxe4 dxe4
21. Ng5 f6 22. Nxc4 bxc4 23. Nxe4 Qd5 24. Re1 Rb8 25. Re2 Rb6 26. g4 e5 27.
dxe5 fxe5 28. Ng5 Rff6 29. Qh4 Rxf4 30. Qh7+ Kf8 31. Qh8+ Ke7 32. Qxg7+ Kd8 33.
Qxe5 Qxe5 34. Rxe5 Rff6 35. Rd5+ Kc7 36. Rd2 Rb5 37. Ne4 Re6 38. Nf2 Reb6 39.
Nd1 Rd6 40. Rxd6 Kxd6 41. Kf2 g5 42. Kf3 Kd5 43. Ne3+ Kc5 44. Nd1 Rb8 45. Ke2
a5 46. a4 Rh8 47. Nf2 Kd5 48. Kf3 Rf8+ 49. Ke3 Re8+ 50. Kd2 Rb8 51. Ke3 Rxb2
52. Ne4 Rc2 53. Nxg5 Rxc3+ 54. Kf4 Rd3 55. h4 c3 0-1

[Event "21. SCHACHFESTIVAL BASEL 2019 -- MASTER "]
[Site "?"]
[Date "2019.01.05"]
[Round "6.8"]
[White "Monteverde, Jonathan"]
[Black "Hort, Vlastimil"]
[Result "0-1"]
[WhiteElo "2120"]
[BlackElo "2419"]
[PlyCount "88"]
[EventDate "2019.01.02"]

1. d4 Nf6 2. c4 g6 3. Nc3 d5 4. Nf3 Bg7 5. cxd5 Nxd5 6. e4 Nxc3 7. bxc3 O-O 8.
Rb1 c5 9. Be2 b6 10. O-O Bb7 11. Qd3 Ba6 12. Qc2 cxd4 13. Bxa6 Nxa6 14. cxd4
Qd7 15. Be3 Rac8 16. Qb3 e6 17. Rfd1 h6 18. h3 Rfe8 19. Rbc1 Qb7 20. d5 Rxc1
21. Rxc1 exd5 22. exd5 Rd8 23. Rd1 Nc7 24. d6 Ne6 25. Qc4 a6 26. Qh4 g5 27. Qb4
b5 28. Nd4 Qd5 29. Rd2 Nxd4 30. Bxd4 Qxd6 31. Bc3 Qxb4 32. Rxd8+ Qf8 33. Rxf8+
Kxf8 34. Bb4+ Ke8 35. g4 Kd7 36. Kf1 Kc6 37. Ke2 Kb6 38. Kd3 a5 39. Be7 Kc6 40.
Bd8 a4 41. Be7 Kd5 42. f3 Be5 43. h4 Ke6 44. Bd8 Kd7 0-1

[Event "21. SCHACHFESTIVAL BASEL 2019 -- MASTER "]
[Site "?"]
[Date "2019.01.05"]
[Round "6.10"]
[White "Curien, Nicolas"]
[Black "Dekan, Hans"]
[Result "1-0"]
[WhiteElo "2214"]
[BlackElo "2123"]
[PlyCount "99"]
[EventDate "2019.01.02"]

1. d4 d5 2. Nc3 Nf6 3. Bf4 c6 4. e3 Bf5 5. f3 e6 6. g4 Bg6 7. h4 h6 8. Bd3 Bxd3
9. Qxd3 Bd6 10. Nge2 Qc7 11. Bxd6 Qxd6 12. O-O-O Na6 13. e4 Nb4 14. Qe3 dxe4
15. fxe4 Nxg4 16. Qf3 h5 17. a3 Na6 18. e5 Qe7 19. Ne4 O-O-O 20. Nd6+ Kb8 21.
Qxf7 Rd7 22. Qxe7 Rxe7 23. Nf4 Rh6 24. Rhg1 c5 25. c3 cxd4 26. cxd4 Nc7 27. Kb1
Ne8 28. Nxe8 Rxe8 29. Nxh5 Rxh5 30. Rxg4 Re7 31. Rf1 Kc7 32. Rf8 Kd7 33. Rg8
Rh7 34. Rf4 Kc7 35. Kc2 Kd7 36. Kd3 a6 37. Ke4 Re8 38. Rxe8 Kxe8 39. d5 exd5+
40. Kxd5 Ke7 41. Rg4 Kf7 42. Kd6 Rh6+ 43. Kd7 Rh5 44. Rf4+ Kg8 45. Kd6 g5 46.
hxg5 Rxg5 47. e6 Rg2 48. e7 Rd2+ 49. Kc7 Re2 50. Rf8+ 1-0

[Event "21. SCHACHFESTIVAL BASEL 2019 -- MASTER "]
[Site "?"]
[Date "2019.01.05"]
[Round "6.11"]
[White "Roe, Simon J"]
[Black "Hoffmann, Achim Gunter"]
[Result "1-0"]
[WhiteElo "2210"]
[BlackElo "2135"]
[PlyCount "121"]
[EventDate "2019.01.02"]

1. Nf3 Nf6 2. c4 e6 3. g3 b6 4. Bg2 Bb7 5. O-O c5 6. Nc3 Nc6 7. d4 Na5 8. b3
cxd4 9. Qxd4 Bc5 10. Qd3 O-O 11. Bb2 Qe7 12. e4 Rfd8 13. e5 Ne8 14. Ne4 d5 15.
exd6 Bxe4 16. Qxe4 Bxd6 17. Rad1 Rac8 18. Nd4 Nf6 19. Qe2 Ba3 20. Ba1 Bc5 21.
Rd3 Rd7 22. Rfd1 Rcd8 23. h3 a6 24. Bb2 e5 25. Nf5 Qe6 26. Rxd7 Rxd7 27. Rxd7
Nxd7 28. Qg4 Qf6 29. Ne3 Nf8 30. Qe4 Bd4 31. Bxd4 exd4 32. Nd5 Qg5 33. Qxd4 Nc6
34. Qxb6 Qc1+ 35. Kh2 Ne5 36. Qd8 Ned7 37. Qe8 g6 38. Qe3 Qb2 39. Qc3 Qe2 40.
a3 Ne6 41. Qe3 Qc2 42. h4 Ndc5 43. b4 Nd3 44. Be4 Qxf2+ 45. Qxf2 Nxf2 46. Bg2
Kf8 47. c5 h5 48. Bf1 a5 49. bxa5 Ng4+ 50. Kg1 Ne5 51. Bb5 Nf3+ 52. Kf2 Nfd4
53. a4 Nxc5 54. a6 Nxa6 55. Bxa6 Nb3 56. Bb5 Kg7 57. Ke3 f6 58. Ne7 g5 59. Nc6
Kg6 60. Bd3+ f5 61. a5 1-0

[Event "21. SCHACHFESTIVAL BASEL 2019 -- MASTER "]
[Site "?"]
[Date "2019.01.05"]
[Round "6.12"]
[White "Vergara Anton, Diego"]
[Black "Beukema, Jasper"]
[Result "0-1"]
[WhiteElo "2040"]
[BlackElo "2290"]
[PlyCount "64"]
[EventDate "2019.01.02"]

1. d4 f5 2. Nf3 e6 3. g3 Nf6 4. Bg2 Be7 5. O-O O-O 6. c4 d6 7. b3 Ne4 8. Bb2
Bf6 9. Nfd2 Nxd2 10. Nxd2 Nc6 11. Nf3 Qe8 12. Qc2 e5 13. dxe5 dxe5 14. Rad1 Be6
15. Ne1 f4 16. Nd3 Bf5 17. Qc1 Qg6 18. Nc5 Bg5 19. Qc3 Nd4 20. Qe1 Rae8 21. Nd3
f3 22. Bxd4 fxg2 23. Kxg2 exd4 24. f3 Qh6 25. Nf2 Be3 26. Rh1 Bxf2 27. Qxf2
Bh3+ 28. Kg1 Qe3 29. Re1 Rxf3 30. Qxe3 Rfxe3 31. Kf2 Rf8+ 32. Kg1 Rxe2 0-1

[Event "21. SCHACHFESTIVAL BASEL 2019 -- MASTER "]
[Site "?"]
[Date "2019.01.05"]
[Round "6.13"]
[White "Perreard, Nicolas"]
[Black "Maloberti, David"]
[Result "1/2-1/2"]
[WhiteElo "2032"]
[BlackElo "2112"]
[PlyCount "86"]
[EventDate "2019.01.02"]

1. d4 Nf6 2. c4 g6 3. Nc3 Bg7 4. e4 d6 5. Nf3 O-O 6. Be2 e5 7. d5 a5 8. Bg5 Qe8
9. Nd2 Nfd7 10. a3 Nc5 11. b4 axb4 12. axb4 Rxa1 13. Qxa1 Nca6 14. Qb2 f6 15.
Be3 f5 16. f3 Qe7 17. O-O f4 18. Bf2 g5 19. Rc1 h5 20. Nb5 g4 21. c5 Bh6 22.
cxd6 cxd6 23. Nc4 g3 24. Be1 Qh4 25. h3 Bxh3 26. gxh3 Qxh3 27. Bf1 Qd7 28.
Ncxd6 Bg7 29. Qg2 Rf6 30. Nf5 Rb6 31. Nxg7 Kxg7 32. Qh3 Qxh3 33. Bxh3 Rxb5 34.
d6 Rb6 35. d7 Nxd7 36. Bxd7 Nxb4 37. Rb1 Nd5 38. Rxb6 Nxb6 39. Bb5 Nc8 40. Kg2
Nd6 41. Bf1 b5 42. Kh3 Nc4 43. Bxc4 bxc4 1/2-1/2

[Event "21. SCHACHFESTIVAL BASEL 2019 -- MASTER "]
[Site "?"]
[Date "2019.01.05"]
[Round "6.14"]
[White "Schmahl, Stephan"]
[Black "Bounlom, Jannik"]
[Result "1/2-1/2"]
[WhiteElo "2111"]
[BlackElo "1892"]
[PlyCount "45"]
[EventDate "2019.01.02"]

1. d4 Nf6 2. c4 g6 3. g3 d5 4. cxd5 Nxd5 5. Bg2 Bg7 6. Nf3 Nb6 7. Nc3 Nc6 8. e3
O-O 9. O-O Re8 10. Nh4 Na5 11. f4 Nac4 12. b3 Nd6 13. Bb2 c6 14. Rc1 Be6 15.
Qe2 f5 16. Rfd1 Bd5 17. Nf3 e6 18. Ne5 Bxg2 19. Kxg2 Nd5 20. Na4 Ne4 21. Nc5
Nxc5 22. Rxc5 Bf8 23. Rc4 1/2-1/2

[Event "21. SCHACHFESTIVAL BASEL 2019 -- MASTER "]
[Site "?"]
[Date "2019.01.05"]
[Round "6.15"]
[White "Simon, Ralf-Axel"]
[Black "Staub, Gerhard"]
[Result "1-0"]
[WhiteElo "2075"]
[BlackElo "2010"]
[PlyCount "58"]
[EventDate "2019.01.02"]

1. Nf3 d5 2. e3 Nf6 3. c4 c6 4. Be2 Bf5 5. Nc3 e6 6. Nh4 Bg6 7. d4 Ne4 8. Nxg6
Nxc3 9. bxc3 hxg6 10. Rb1 Qc7 11. Qb3 b6 12. cxd5 exd5 13. Bf3 Nd7 14. g3 Bd6
15. Kf1 Nf6 16. c4 dxc4 17. Qxc4 Rc8 18. e4 Be7 19. h4 O-O 20. Bf4 Qd7 21. Kg2
Nh5 22. Be3 c5 23. d5 Bd6 24. Bd1 Rce8 25. f4 f5 26. Ba4 Qf7 27. Bxe8 Rxe8 28.
e5 Bxe5 29. fxe5 Rxe5 1-0